| 000 | 00383 a2200145 4500 | ||
|---|---|---|---|
| 999 |
_c6767 _d6767 |
||
| 020 | _a177903041x | ||
| 050 | _aPL8842 MNK 1993 | ||
| 100 |
_aMnkandla, P.N. _eAuthor |
||
| 245 |
_aInyathelo 4 : _bugwalo lwabafundi / _cP.N. Mnkandla |
||
| 264 |
_aHarare: _bLongman, _c1993. |
||
| 300 | _a153p. : | ||
| 500 | _aIn Ndebele | ||
| 650 |
_aNdebele _xLanguages |
||
| 942 |
_2lcc _cBK _h8842 _iMNK _kPL |
||